[Event "XXII C.to Italiano UISP A"]
[Site "Frascati ITA"]
[Date "2001.12.??"]
[Round "?"]
[White "Efimov, Igor"]
[Black "Piscopo, Pierluigi"]
[Result "0-1"]
[WhiteElo "2467"]
[BlackElo "2246"]
[PlyCount "84"]
[EventDate "2001.12.06"]

1.d4 Nf6 2.c4 g6 3.Nc3 Bg7 4.e4 O-O 5.f3 d6 6.Bg5 c5 7.d5 e6 8.Qd2 exd5 9.
cxd5 h6 10.Be3 Re8 11.Nge2 h5 12.Nc1 Nh7 13.Nd3 Nd7 14.Nf2 f5 15.Be2 Ndf6 
16.O-O a6 17.a4 b6 18.Rab1 Ra7 19.b4 Rae7 20.Rfe1 Nd7 21.Bd3 g5 22.f4 gxf4
23.Bxf4 Ne5 24.Bf1 Ng6 25.Bh6 f4 26.Bxg7 Rxg7 27.bxc5 bxc5 28.Kh1 Qh4 29.
Rb6 Ne5 30.Rxd6 Ng5 31.Nd3 Ngf3 32.Qxf4 Qxf4 33.Nxf4 Nxe1 34.Nxh5 Rf7 35.
Be2 Ref8 36.h3 Rf2 37.Rh6 Nxg2 38.d6 Ne1 39.Nd5 Rxe2 40.Ne7+ Kf7 41.Rf6+ 
Ke8 42.Kg1 Bxh3 0-1

[Event "XXII C.to Italiano UISP A"]
[Site "Frascati ITA"]
[Date "2001.12.08"]
[Round "6"]
[White "Mazzilli, Piero"]
[Black "Adinolfi, Vincenzo"]
[Result "1-0"]
[WhiteElo "2204"]
[BlackElo "2110"]
[PlyCount "41"]
[EventDate "2001.12.06"]

1.e4 c5 2.Nf3 Nc6 3.c3 Nf6 4.e5 Nd5 5.d4 cxd4 6.cxd4 e6 7.Nc3 d6 8.Bd3 Be7
9.O-O dxe5 10.dxe5 Nxc3 11.bxc3 Qa5 12.Qe2 Bd7 13.Rb1 Rb8 14.Rd1 h6 15.Be3
Bc5 16.Bb5 Bxe3 17.Bxc6 Bxc6 18.Rxb7 Rh7 19.Rdb1 f6 20.exf6 Kf8 21.Rd7 1-0

[Event "C.to Provinciale BG"]
[Site "Bergamo ITA"]
[Date "2001.09.25"]
[Round "1"]
[White "Cattaneo, Dario"]
[Black "Longo, Pietro"]
[Result "0-1"]
[WhiteElo "1327"]
[BlackElo "1585"]
[PlyCount "74"]
[EventDate "2001.09.25"]

1. d4 d5 2. Nf3 Nf6 3. Bg5 Nbd7 4. Nbd2 e6 5. e3 Be7 6. Be2 O-O 7. O-O c5 8. c3
b6 9. h3 Bb7 10. Rb1 Ne4 11. Bxe7 Qxe7 12. Nh2 cxd4 13. cxd4 Rac8 14. Bf3 Rc7
15. Nb3 Rfc8 16. Rc1 Ndf6 17. Rxc7 Qxc7 18. Ng4 Nxg4 19. hxg4 Ba6 20. Be2 Bc4
21. Nc1 g6 22. b3 Bxe2 23. Nxe2 Nc3 24. Nxc3 Qxc3 25. Qb1 b5 26. g3 b4 27. Kg2
Qc2 28. Qa1 Qe4+ 29. Kh3 Rc2 30. a3 a5 31. axb4 axb4 32. Qa5 Qd3 33. Rg1 Rxf2
34. Qxb4 Qxe3 35. Qb8+ Kg7 36. Qe5+ Qxe5 37. dxe5 Rb2 0-1

[Event "C.to Provinciale BG"]
[Site "Bergamo ITA"]
[Date "2001.09.25"]
[Round "1"]
[White "Elsido, Massimo"]
[Black "Mora, Lorenzo"]
[Result "1-0"]
[WhiteElo "1657"]
[BlackElo "1500"]
[PlyCount "87"]
[EventDate "2001.09.25"]

1. e4 c5 2. c3 Nc6 3. d4 e6 4. Nf3 b6 5. Bb5 Bb7 6. O-O Be7 7. Qe2 d5 8. e5 a6
9. Bd3 c4 10. Bc2 Qd7 11. b3 b5 12. bxc4 dxc4 13. Bd2 Bd8 14. a4 Nge7 15. axb5
axb5 16. Rxa8 Bxa8 17. Na3 Na7 18. Ra1 Bb6 19. Be4 Nd5 20. Nc2 O-O 21. Bxh7+
Kxh7 22. Ng5+ Kg8 23. Qh5 Re8 24. Qh7+ Kf8 25. Qh8+ Ke7 26. Qxg7 Kd8 27. Nxf7+
Kc7 28. Nd6 Re7 29. Qf8 Bb7 30. Bg5 Rg7 31. Ne8+ Qxe8 32. Qxe8 Rxg5 33. Ne3 Rg7
34. Qf8 Rd7 35. Nxd5+ Bxd5 36. h4 Rd8 37. Qf6 Kb8 38. h5 Rg8 39. g3 b4 40. Qf7
Rg5 41. h6 bxc3 42. h7 Bxd4 43. h8=Q+ Nc8 44. Rb1+ 1-0

[Event "C.to Provinciale BG"]
[Site "Bergamo ITA"]
[Date "2001.09.25"]
[Round "1"]
[White "Mazzotti, Federico"]
[Black "Asperti, Fabio"]
[Result "1-0"]
[WhiteElo "1743"]
[BlackElo "1543"]
[PlyCount "41"]
[EventDate "2001.09.25"]

1. e4 g6 2. d4 Bg7 3. Nc3 d6 4. Bg5 Nf6 5. e5 Nfd7 6. f4 c5 7. dxc5 dxe5 8. Nd5
exf4 9. Bxe7 Qa5+ 10. b4 Qa3 11. Bd6 Nc6 12. Qe2+ Nde5 13. Nf3 Bg4 14. Nc7+ Kd8
15. Rd1 Qxb4+ 16. Kf2 Nxf3 17. gxf3 Bd4+ 18. Kg2 Bd7 19. Nxa8 Re8 20. Qd2 Bc3
21. Bc7+ 1-0

[Event "C.to Provinciale BG"]
[Site "Bergamo ITA"]
[Date "2001.09.25"]
[Round "1"]
[White "Molteni, Costantino"]
[Black "Nasoni, Paolo"]
[Result "1/2-1/2"]
[WhiteElo "1567"]
[BlackElo "1747"]
[PlyCount "82"]
[EventDate "2001.09.25"]

1. Nf3 Nf6 2. g3 b6 3. Bg2 Bb7 4. O-O e6 5. c4 Be7 6. Nc3 O-O 7. d4 Ne4 8. Qc2
Nxc3 9. Qxc3 c5 10. Rd1 Bf6 11. Be3 Nc6 12. Qd2 Na5 13. Rac1 d6 14. b3 Qe7 15.
dxc5 dxc5 16. Bg5 Bxg5 17. Qxg5 Qxg5 18. Nxg5 Bxg2 19. Kxg2 Rfd8 20. e3 Nc6 21.
Kf1 Nb4 22. a3 Nc6 23. Ke2 h6 24. Ne4 Kf8 25. Rc3 Rxd1 26. Kxd1 Rd8+ 27. Ke2
Ke7 28. Rd3 Rxd3 29. Kxd3 Ne5+ 30. Ke2 Nc6 31. Kd3 Ne5+ 32. Ke2 a5 33. f4 Nc6
34. Nc3 Kd6 35. Nb5+ Kd7 36. Kd3 f6 37. Nc3 Nd8 38. g4 Nf7 39. Ke4 Nd6+ 40. Kf3
Kc6 41. e4 Nf7 1/2-1/2

[Event "C.to Provinciale BG"]
[Site "Bergamo ITA"]
[Date "2001.09.25"]
[Round "1"]
[White "Mora, Aldo"]
[Black "Cambieri, Mario"]
[Result "0-1"]
[WhiteElo "1500"]
[BlackElo "1660"]
[PlyCount "86"]
[EventDate "2001.09.25"]

1. e4 c5 2. Bc4 d6 3. d3 Nf6 4. h3 g6 5. Nf3 Bg7 6. Nc3 a6 7. a3 Nc6 8. Be3 b5
9. Ba2 Bb7 10. Rb1 b4 11. Ne2 O-O 12. a4 Nd7 13. O-O Rc8 14. Nf4 Nde5 15. Nxe5
Nxe5 16. Nd5 e6 17. Nf4 Qe7 18. Ne2 Rfd8 19. Qc1 d5 20. exd5 Bxd5 21. Bxd5 Rxd5
22. b3 Nc6 23. Kh1 Nd4 24. Nxd4 cxd4 25. Bf4 e5 26. Re1 Qc5 27. Bd2 Qxc2 28.
Qxc2 Rxc2 29. Bxb4 Bh6 30. Kg1 f6 31. Kf1 a5 32. Ba3 Rd7 33. Red1 Rdc7 34. Rb2
Rxb2 35. Bxb2 Rb7 36. Bc1 Bxc1 37. Rxc1 Rxb3 38. Ke2 Rb4 39. Rc4 Rxc4 40. dxc4
Kf7 41. Kd3 Ke6 42. f4 Kd6 43. fxe5+ fxe5 0-1

[Event "C.to Provinciale BG"]
[Site "Bergamo ITA"]
[Date "2001.09.25"]
[Round "1"]
[White "Ranfagni, Stefano"]
[Black "Rosti, Mario"]
[Result "1-0"]
[WhiteElo "1618"]
[BlackElo "1404"]
[PlyCount "81"]
[EventDate "2001.09.25"]

1. e4 c6 2. d4 d5 3. e5 e6 4. Bd3 Nd7 5. Nf3 h6 6. O-O c5 7. c3 c4 8. Bc2 Be7
9. Re1 Nb6 10. a4 a5 11. b3 Qc7 12. Na3 Bd7 13. bxc4 dxc4 14. Rb1 Nd5 15. Qd2
Bxa3 16. Bxa3 Nge7 17. Bd6 Qc6 18. Be4 O-O 19. Bxe7 Rfe8 20. Bc5 Qc7 21. Qc2
Bc6 22. Bxd5 Bxd5 23. Re3 Ra6 24. Nd2 b6 25. Bd6 Qb7 26. Rg3 Qd7 27. Nf3 Qd8
28. Qd2 Kh7 29. Rh3 Bxf3 30. Rxf3 f5 31. d5 Qh4 32. dxe6 Qe4 33. Re1 Qc6 34.
Qc2 g6 35. e7 b5 36. axb5 Qxb5 37. h4 Qd7 38. h5 Qe6 39. hxg6+ Kxg6 40. g4 Rxd6
41. gxf5+ 1-0

[Event "C.to Provinciale BG"]
[Site "Bergamo ITA"]
[Date "2001.09.25"]
[Round "1"]
[White "Riggio, Mauro"]
[Black "Signorelli, Roberto"]
[Result "1/2-1/2"]
[WhiteElo "1702"]
[BlackElo "1506"]
[PlyCount "127"]
[EventDate "2001.09.25"]

1. e4 e6 2. d4 d5 3. Nc3 Nf6 4. e5 Nfd7 5. f4 c5 6. Nf3 cxd4 7. Nxd4 Nc6 8. Bb5
Qb6 9. Be3 Nxd4 10. Qxd4 Qxd4 11. Bxd4 a6 12. Bxd7+ Bxd7 13. O-O-O Bb4 14. Nb1
Rc8 15. g4 Bb5 16. a3 Ba5 17. b4 Bd8 18. Nc3 Bc4 19. Kb2 b5 20. Rd2 a5 21. Bc5
Be7 22. Bxe7 Kxe7 23. f5 axb4 24. axb4 Ra8 25. h4 Ra6 26. g5 Rd8 27. f6+ Kf8
28. Rd4 Raa8 29. h5 Kg8 30. Rh2 Rf8 31. Rf2 g6 32. hxg6 fxg6 33. Rd1 Rf7 34.
Rh2 Rfa7 35. Rdh1 d4 36. f7+ Rxf7 37. Ne4 Ra2+ 38. Kb1 Rfa7 39. Nf6+ Kf8 40.
Kc1 Ra1+ 41. Kd2 Rxh1 42. Rxh1 Ra2 43. Rc1 Rb2 44. Nxh7+ Kg7 45. Nf6 Rxb4 46.
Ne4 Rb2 47. Nd6 Bd5 48. Kd3 Bg2 49. Kxd4 Rb4+ 50. Kc5 Rg4 51. Kxb5 Rxg5 52. Re1
Rg3 53. c4 Rb3+ 54. Ka5 g5 55. c5 g4 56. Ne4 Kf8 57. c6 Ke7 58. c7 Kd7 59. Nc5+
Kxc7 60. Nxb3 Kc6 61. Rg1 Bh3 62. Nd4+ Kd5 63. Ne2 Kxe5 64. Kb5 1/2-1/2

[Event "C.to Provinciale BG"]
[Site "Bergamo ITA"]
[Date "2001.09.25"]
[Round "1"]
[White "Rota, Luca"]
[Black "Bassis, Ivano"]
[Result "1/2-1/2"]
[WhiteElo "1500"]
[BlackElo "1642"]
[PlyCount "91"]
[EventDate "2001.09.25"]

1. e4 d5 2. exd5 Qxd5 3. Nc3 Qa5 4. d4 Nf6 5. Bd2 c6 6. Nf3 Bf5 7. Ne4 Qc7 8.
Nxf6+ gxf6 9. Nh4 Bg6 10. Nxg6 hxg6 11. g3 Nd7 12. Bg2 Bg7 13. c3 e6 14. Qb3
O-O 15. O-O c5 16. Qc4 Rab8 17. dxc5 b5 18. Qd4 Nxc5 19. Be3 Rbc8 20. Qxc5 Qxc5
21. Bxc5 Rxc5 22. Rad1 Rc7 23. Rd3 f5 24. Rfd1 a5 25. Rd8 b4 26. cxb4 axb4 27.
a3 bxa3 28. bxa3 Ra7 29. Rxf8+ Bxf8 30. Ra1 Bxa3 31. Kf1 Kg7 32. Ke2 Kf6 33.
Bc6 Rc7 34. Ba4 Bb2 35. Ra2 Bd4 36. Rc2 Ra7 37. Ra2 Kg5 38. Kf3 e5 39. h4+ Kh5
40. Kg2 g5 41. Bd1+ Kg6 42. Rxa7 Bxa7 43. hxg5 Kxg5 44. f4+ exf4 45. gxf4+ Kxf4
46. Kf1 1/2-1/2

[Event "C.to Provinciale BG"]
[Site "Bergamo ITA"]
[Date "2001.10.02"]
[Round "2"]
[White "Asperti, Fabio"]
[Black "Mora, Lorenzo"]
[Result "1-0"]
[WhiteElo "1543"]
[BlackElo "1500"]
[PlyCount "55"]
[EventDate "2001.09.25"]

1. e4 c5 2. c4 Nc6 3. Ne2 Nf6 4. d3 e5 5. g3 d6 6. Bg2 Bg4 7. h3 Bh5 8. g4 Bg6
9. Nbc3 h5 10. g5 Nh7 11. h4 f6 12. f4 Bf7 13. Be3 fxg5 14. fxg5 Be7 15. Ng3
Nf8 16. Nf5 g6 17. Ng7+ Kd7 18. O-O Bg8 19. Nd5 Qb8 20. Bh3+ Kd8 21. Qf3 Bxd5
22. exd5 Nd4 23. Bxd4 cxd4 24. Qf7 Rh7 25. Qe8+ Kc7 26. Qxe7+ Kb6 27. Rf6 Qd8
28. Rxd6+ 1-0

[Event "C.to Provinciale BG"]
[Site "Bergamo ITA"]
[Date "2001.10.02"]
[Round "2"]
[White "Bassis, Ivano"]
[Black "Fiorona, Gianpietro"]
[Result "1-0"]
[WhiteElo "1642"]
[BlackElo "1528"]
[PlyCount "53"]
[EventDate "2001.09.25"]

1. e4 b6 2. d4 Bb7 3. Nc3 g6 4. g3 Bg7 5. Bg2 e6 6. Nf3 Ne7 7. O-O O-O 8. Bf4
d6 9. Re1 Nd7 10. Qd2 Re8 11. Rad1 a6 12. a4 e5 13. dxe5 Nxe5 14. Nxe5 dxe5 15.
Bg5 f6 16. Be3 Qxd2 17. Rxd2 f5 18. Red1 Bc6 19. exf5 Bxg2 20. Kxg2 Nxf5 21.
Rd7 Nxe3+ 22. fxe3 Bh6 23. Nd5 Bg5 24. Nxc7 Bxe3 25. Nxa8 Rxa8 26. Re7 Bc5 27.
Rxe5 1-0

[Event "C.to Provinciale BG"]
[Site "Bergamo ITA"]
[Date "2001.10.02"]
[Round "2"]
[White "Biava, Pierluigi"]
[Black "Riggio, Mauro"]
[Result "0-1"]
[WhiteElo "1525"]
[BlackElo "1702"]
[PlyCount "96"]
[EventDate "2001.09.25"]

1. e4 e5 2. Nf3 Nc6 3. Bb5 a6 4. Ba4 Nf6 5. Qe2 b5 6. Bb3 Be7 7. c3 O-O 8. O-O
d6 9. h3 Na5 10. Bc2 c5 11. a4 Qb6 12. axb5 axb5 13. b4 cxb4 14. cxb4 Qc6 15.
d3 Nb3 16. Rxa8 Nxc1 17. Rxc1 Qxa8 18. d4 Qa1 19. d5 Qb2 20. Qd2 Bxh3 21. gxh3
Rc8 22. Ne1 Nxe4 23. Bxe4 Qxc1 24. Qxc1 Rxc1 25. Kf1 Rc4 26. Bd3 Rxb4 27. Nc3
Rh4 28. Nxb5 Rxh3 29. Kg2 Rh4 30. Nc3 Rd4 31. Kf3 g6 32. Ke2 f5 33. Nb5 Rb4 34.
Nc7 h5 35. Nc2 Rb2 36. Kd2 Bg5+ 37. Kc3 Rb1 38. Ne6 Bf6 39. Bc4 h4 40. Ne3 Rc1+
41. Kd2 Rxc4 42. Nxc4 h3 43. f4 h2 44. Nxd6 h1=Q 45. Nc7 Qg2+ 46. Kd1 Qf3+ 47.
Kd2 Qxf4+ 48. Kd1 Qa4+ 0-1

[Event "C.to Provinciale BG"]
[Site "Bergamo ITA"]
[Date "2001.10.02"]
[Round "2"]
[White "Cambieri, Mario"]
[Black "Elsido, Massimo"]
[Result "1-0"]
[WhiteElo "1660"]
[BlackElo "1657"]
[PlyCount "77"]
[EventDate "2001.09.25"]

1. c4 Nf6 2. Nc3 g6 3. d4 Bg7 4. e4 d6 5. Nf3 O-O 6. Be2 Nbd7 7. O-O c5 8. h3
cxd4 9. Nxd4 Nc5 10. Bf3 Nfd7 11. Be3 Ne5 12. Be2 Kh8 13. Qc2 Nc6 14. Rad1 Nd7
15. f4 Nxd4 16. Bxd4 Bxd4+ 17. Rxd4 Qb6 18. Rfd1 a6 19. Nd5 Qd8 20. Ne3 f6 21.
Kh1 Qe8 22. Nd5 Rb8 23. Bg4 Nc5 24. f5 g5 25. b4 Nd7 26. Nc7 Qf7 27. c5 Ne5 28.
cxd6 exd6 29. Rxd6 Nc4 30. Rd8 Ne3 31. Qb3 Kg7 32. Rxf8 Qxb3 33. axb3 Nxd1 34.
Ne6+ Bxe6 35. Rxb8 Nf2+ 36. Kg1 Nxg4 37. fxe6 f5 38. hxg4 Kf6 39. exf5 1-0

[Event "C.to Provinciale BG"]
[Site "Bergamo ITA"]
[Date "2001.10.02"]
[Round "2"]
[White "Longo, Pietro"]
[Black "Mazzotti, Federico"]
[Result "1/2-1/2"]
[WhiteElo "1585"]
[BlackElo "1743"]
[PlyCount "41"]
[EventDate "2001.09.25"]

1. d4 Nf6 2. Nf3 g6 3. c4 Bg7 4. Nc3 d6 5. e4 O-O 6. Be2 e5 7. d5 a5 8. h3 Na6
9. Be3 b6 10. a3 Bd7 11. O-O Ne8 12. Bd3 f5 13. exf5 gxf5 14. Bg5 Qc8 15. Bc2
Rf7 16. Bh4 Bf6 17. Bg3 e4 18. Nd4 f4 19. Bh2 Bxh3 20. Bxe4 Be5 21. Bf3 1/2-1/2

[Event "C.to Provinciale BG"]
[Site "Bergamo ITA"]
[Date "2001.10.02"]
[Round "2"]
[White "Nasoni, Paolo"]
[Black "Ranfagni, Stefano"]
[Result "1-0"]
[WhiteElo "1747"]
[BlackElo "1618"]
[PlyCount "59"]
[EventDate "2001.09.25"]

1. e4 d6 2. d4 g6 3. Nc3 Bg7 4. f4 Nf6 5. Nf3 O-O 6. Bd3 Bg4 7. O-O Nbd7 8. e5
Nh5 9. h3 Bxf3 10. Qxf3 dxe5 11. dxe5 f5 12. Bc4+ Kh8 13. Rd1 c6 14. Be6 Qb6+
15. Be3 Qxb2 16. Na4 Qa3 17. Bb3 b5 18. Rxd7 bxa4 19. Be6 Qc3 20. Rc1 g5 21.
Rd3 Qb4 22. Qxh5 gxf4 23. Bf2 Qb2 24. Re1 Qxc2 25. Bxf5 Rxf5 26. Qxf5 Rf8 27.
Qe4 Qxa2 28. Bc5 Qc2 29. Bxe7 Rg8 30. Rd8 1-0

[Event "C.to Provinciale BG"]
[Site "Bergamo ITA"]
[Date "2001.10.02"]
[Round "2"]
[White "Rosti, Mario"]
[Black "Mora, Aldo"]
[Result "1/2-1/2"]
[WhiteElo "1404"]
[BlackElo "1500"]
[PlyCount "30"]
[EventDate "2001.09.25"]

1. d4 d5 2. e3 Bf5 3. c4 c6 4. Nc3 Nf6 5. Nf3 Ne4 6. Nxe4 Bxe4 7. c5 h6 8. Be2
Nd7 9. O-O Qc7 10. Bd2 Bh7 11. Bc3 Be4 12. b4 a6 13. a4 Qb8 14. Nd2 Bh7 15. Bg4
Nf6 1/2-1/2

[Event "C.to Provinciale BG"]
[Site "Bergamo ITA"]
[Date "2001.10.02"]
[Round "2"]
[White "Signorelli, Roberto"]
[Black "Molteni, Costantino"]
[Result "1-0"]
[WhiteElo "1506"]
[BlackElo "1567"]
[PlyCount "131"]
[EventDate "2001.09.25"]

1. e4 Nf6 2. Nc3 d5 3. exd5 Nxd5 4. d4 c6 5. Bd3 g6 6. h3 Bg7 7. Nf3 O-O 8.
Nxd5 cxd5 9. O-O Nc6 10. c3 Qc7 11. Re1 Re8 12. Bb5 a6 13. Ba4 b5 14. Bb3 Qd6
15. Ne5 Bb7 16. Bf4 Qd8 17. Nd3 Na5 18. Bc2 Nc4 19. Qf3 e6 20. Nc5 Ra7 21. b3
Nd6 22. Qg3 Nf5 23. Bxf5 exf5 24. Bc7 Qc8 25. Rxe8+ Qxe8 26. Bb6 Ra8 27. Nxb7
Qc6 28. Qc7 Qxc7 29. Bxc7 Ra7 30. Bd6 Rxb7 31. Re1 h5 32. Kf1 Rd7 33. Re8+ Kh7
34. Bc5 Rc7 35. Ke2 Bf6 36. Kd3 Rc6 37. c4 bxc4+ 38. bxc4 dxc4+ 39. Kxc4 Re6
40. Ra8 Kg7 41. d5 Re4+ 42. Kb3 Re5 43. Rxa6 Rxd5 44. Bf8+ Kxf8 45. Rxf6 Rb5+
46. Kc2 Ra5 47. Kb2 Rb5+ 48. Ka1 Re5 49. Rb6 Re2 50. Rb2 Re1+ 51. Rb1 Re2 52.
a3 Rxf2 53. Rb2 Rf4 54. Re2 g5 55. Kb2 g4 56. hxg4 fxg4 57. Kb3 h4 58. a4 h3
59. gxh3 gxh3 60. a5 Rg4 61. a6 Rg6 62. a7 Ra6 63. Ra2 Rb6+ 64. Kc4 Rc6+ 65.
Kb5 h2 66. a8=Q+ 1-0

[Event "C.to Provinciale BG"]
[Site "Bergamo ITA"]
[Date "2001.10.02"]
[Round "2"]
[White "Stefanelli, Alfredo"]
[Black "Rota, Luca"]
[Result "1-0"]
[WhiteElo "1723"]
[BlackElo "1500"]
[PlyCount "43"]
[EventDate "2001.09.25"]

1. e4 c5 2. Nf3 d6 3. c3 Nc6 4. d4 cxd4 5. cxd4 e6 6. Nc3 Nf6 7. Bb5 Bd7 8. O-O
a6 9. Ba4 b5 10. Bc2 Qc7 11. Bg5 Be7 12. Rc1 O-O 13. e5 Ne8 14. Bxe7 Nxe7 15.
Bxh7+ Kh8 16. Ng5 g6 17. Qf3 Ng7 18. Qh3 Nh5 19. g4 Kg7 20. gxh5 Rh8 21. h6+
Kf8 22. Qf3 1-0

[Event "C.to Provinciale BG"]
[Site "Bergamo ITA"]
[Date "2001.10.09"]
[Round "3"]
[White "Cattaneo, Dario"]
[Black "Biava, Pierluigi"]
[Result "0-1"]
[WhiteElo "1327"]
[BlackElo "1525"]
[PlyCount "58"]
[EventDate "2001.09.25"]

1. d4 Nf6 2. Nf3 b6 3. c4 e6 4. Nc3 c5 5. Bg5 h6 6. Bh4 g5 7. Bg3 Nh5 8. Bxb8
Rxb8 9. e4 Bb7 10. g3 a6 11. d5 Bg7 12. Qc2 Qf6 13. Be2 Qg6 14. Bd3 g4 15. e5
f5 16. Nh4 Qf7 17. Nxf5 exf5 18. Bxf5 O-O 19. Bg6 Qf3 20. Be4 Qf7 21. Bg6 Qe7
22. Bxh5 Qxe5+ 23. Ne2 Qxh5 24. O-O-O Rxf2 25. Qd3 Qe5 26. Rd2 Re8 27. Kd1 d6
28. Nf4 Rxd2+ 29. Qxd2 Qe4 0-1

[Event "C.to Provinciale BG"]
[Site "Bergamo ITA"]
[Date "2001.10.09"]
[Round "3"]
[White "Elsido, Massimo"]
[Black "Asperti, Fabio"]
[Result "0-1"]
[WhiteElo "1657"]
[BlackElo "1543"]
[PlyCount "86"]
[EventDate "2001.09.25"]

1. e4 g6 2. d4 Bg7 3. Nf3 d6 4. Nc3 c6 5. Be2 Nf6 6. O-O O-O 7. a4 a5 8. h3 Na6
9. Bxa6 Rxa6 10. Bg5 h6 11. Be3 b5 12. axb5 cxb5 13. Qd3 b4 14. Na2 Rb6 15. d5
Ba6 16. Qd4 Nd7 17. Qd1 Rb8 18. Nd4 Bxf1 19. Nc6 Qc7 20. Nxb8 Rxb8 21. Qxf1
Bxb2 22. Rd1 Bg7 23. Qe2 Ne5 24. Rd4 Rc8 25. Nxb4 axb4 26. Rxb4 Qxc2 27. Qa6
Nd3 28. Rb7 Bf6 29. Rb5 Qc7 30. Rb7 Qc2 31. Rb5 Qd1+ 32. Kh2 Qc2 33. Kg1 Kh7
34. Qa7 Nc1 35. Kh2 Qxe4 36. Qb7 Qc4 37. Rb4 Qc7 38. Qa6 Qc2 39. Rb6 Ne2 40.
Rc6 Qd1 41. f4 Bh4 42. g4 Ng3 43. Kg2 Qxd5+ 0-1

[Event "C.to Provinciale BG"]
[Site "Bergamo ITA"]
[Date "2001.10.09"]
[Round "3"]
[White "Longo, Pietro"]
[Black "Stefanelli, Alfredo"]
[Result "0-1"]
[WhiteElo "1585"]
[BlackElo "1723"]
[PlyCount "30"]
[EventDate "2001.09.25"]

1. d4 d5 2. c4 c6 3. cxd5 cxd5 4. g3 Nf6 5. Nc3 Bf5 6. Bg2 Nc6 7. Nf3 e6 8. a3
h6 9. O-O Be7 10. h3 O-O 11. Be3 Rc8 12. Rc1 Nd7 13. Na4 Na5 14. Rxc8 Qxc8 15.
Nd2 Bc2 0-1

[Event "C.to Provinciale BG"]
[Site "Bergamo ITA"]
[Date "2001.10.09"]
[Round "3"]
[White "Mazzotti, Federico"]
[Black "Cambieri, Mario"]
[Result "1/2-1/2"]
[WhiteElo "1743"]
[BlackElo "1660"]
[PlyCount "50"]
[EventDate "2001.09.25"]

1. e4 e5 2. Bc4 Bc5 3. Nf3 Nc6 4. O-O Nf6 5. b4 d5 6. exd5 Nxb4 7. c3 Nbxd5 8.
Nxe5 O-O 9. d4 Be7 10. Qb3 c6 11. Bg5 Qb6 12. Qc2 Be6 13. Nd2 c5 14. Rab1 Qc7
15. Qb3 cxd4 16. cxd4 Qb6 17. Qxb6 Nxb6 18. Bxe6 fxe6 19. Rfc1 Rfc8 20. Nb3 Ba3
21. Rd1 Nfd5 22. Rd3 Nc4 23. Nxc4 Rxc4 24. Na5 Rb4 25. Rxb4 Bxb4 1/2-1/2

[Event "C.to Provinciale BG"]
[Site "Bergamo ITA"]
[Date "2001.10.09"]
[Round "3"]
[White "Mora, Aldo"]
[Black "Molteni, Costantino"]
[Result "0-1"]
[WhiteElo "1500"]
[BlackElo "1567"]
[PlyCount "54"]
[EventDate "2001.09.25"]

1. e4 Nf6 2. Nc3 d5 3. e5 d4 4. Nb1 Nd5 5. d3 Nc6 6. f4 b6 7. h3 e6 8. c4 dxc3
9. bxc3 Qh4+ 10. Kd2 Qxf4+ 11. Kc2 Qxe5 12. d4 Ne3+ 13. Bxe3 Qxe3 14. Bb5 Qe4+
15. Kc1 Qxg2 16. Ne2 Qg5+ 17. Qd2 Qxb5 18. h4 Ba6 19. Re1 O-O-O 20. a4 Qd3 21.
Qxd3 Bxd3 22. Nd2 Be7 23. h5 Bg5 24. Kd1 Na5 25. Ra2 Nc4 26. Nxc4 Bxc4 27. Ra1
Bb3# 0-1

[Event "C.to Provinciale BG"]
[Site "Bergamo ITA"]
[Date "2001.10.09"]
[Round "3"]
[White "Mora, Lorenzo"]
[Black "Rosti, Mario"]
[Result "1-0"]
[WhiteElo "1500"]
[BlackElo "1404"]
[PlyCount "31"]
[EventDate "2001.09.25"]

1. e4 c5 2. Nf3 e6 3. d4 cxd4 4. Nxd4 Bd6 5. Nc3 Nf6 6. f4 e5 7. Nf5 Bf8 8.
fxe5 Ng8 9. Bc4 g6 10. Nd6+ Bxd6 11. exd6 Qf6 12. Rf1 Qe5 13. Bxf7+ Kd8 14. Qd5
Qxd5 15. Nxd5 a6 16. Bg5+ 1-0

[Event "C.to Provinciale BG"]
[Site "Bergamo ITA"]
[Date "2001.10.09"]
[Round "3"]
[White "Ranfagni, Stefano"]
[Black "Bertoletti, Vincenzo"]
[Result "1-0"]
[WhiteElo "1618"]
[BlackElo "1383"]
[PlyCount "89"]
[EventDate "2001.09.25"]

1. e4 d6 2. d4 Nf6 3. Nc3 g6 4. f4 Bg7 5. Nf3 O-O 6. Bd3 Nbd7 7. O-O c5 8. e5
Ne8 9. Bc4 e6 10. dxc5 d5 11. Nxd5 exd5 12. Bxd5 Nc7 13. Be3 Ne6 14. b4 Rb8 15.
Qd2 Qe7 16. g4 Rd8 17. f5 Nxe5 18. Nxe5 Bxe5 19. fxe6 fxe6 20. Bg5 Rxd5 21.
Qxd5 Qxg5 22. Qf3 Bd4+ 23. Kg2 Qd5 24. Qxd5 exd5 25. Rad1 Bc3 26. Rxd5 Bxg4 27.
Rf4 Bf5 28. a4 Re8 29. Kf3 Be5 30. Rc4 Bxh2 31. Rd2 Bc7 32. b5 Rf8 33. Kg2 Rf6
34. Rcd4 Ba5 35. Re2 Kg7 36. Rd5 Re6 37. Rd7+ Kf6 38. Rxe6+ Kxe6 39. Rxh7 Kd5
40. Rxb7 Kxc5 41. Rxa7 Bb6 42. Rf7 Kb4 43. Rf6 Ka5 44. c3 Be3 45. Ra6# 1-0

[Event "C.to Provinciale BG"]
[Site "Bergamo ITA"]
[Date "2001.10.09"]
[Round "3"]
[White "Riggio, Mauro"]
[Black "Nasoni, Paolo"]
[Result "1/2-1/2"]
[WhiteElo "1702"]
[BlackElo "1747"]
[PlyCount "37"]
[EventDate "2001.09.25"]

1. e4 e5 2. Nf3 Nc6 3. Bb5 Nge7 4. O-O g6 5. d4 exd4 6. Nxd4 Bg7 7. c3 a6 8.
Ba4 O-O 9. f4 b5 10. Bc2 f5 11. Nxc6 dxc6 12. e5 Be6 13. Be3 Qxd1 14. Rxd1 Nd5
15. Kf2 Nxe3 16. Kxe3 c5 17. Nd2 Rfd8 18. Nb3 Bf8 19. Rxd8 1/2-1/2

[Event "C.to Provinciale BG"]
[Site "Bergamo ITA"]
[Date "2001.10.09"]
[Round "3"]
[White "Rota, Luca"]
[Black "Fiorona, Gianpietro"]
[Result "1/2-1/2"]
[WhiteElo "1500"]
[BlackElo "1528"]
[PlyCount "145"]
[EventDate "2001.09.25"]

1. e4 e6 2. d4 d5 3. e5 c5 4. Nf3 Nc6 5. c3 Nge7 6. Be2 Nf5 7. O-O cxd4 8. cxd4
Be7 9. Be3 Nxe3 10. fxe3 Bd7 11. a3 O-O 12. Nc3 f6 13. exf6 Rxf6 14. Bd3 g6 15.
Qe2 Qf8 16. Nd2 Rxf1+ 17. Rxf1 Qh6 18. g3 Rf8 19. Rxf8+ Qxf8 20. Qg4 Qe8 21.
Qf3 Qf7 22. Kf2 a6 23. Nb3 Kg7 24. Nc5 Bc8 25. Qxf7+ Kxf7 26. N3a4 Bd8 27. Nc3
Bf6 28. Ke2 Bd8 29. Kf2 Ke7 30. Ne2 Bc7 31. Nf4 Kd6 32. Nb3 e5 33. dxe5+ Nxe5
34. Be2 b5 35. Nd3 Nc4 36. Nd4 Bd7 37. Bd1 Bb6 38. Nc2 Bf5 39. Be2 Bxd3 40.
Bxd3 Nxb2 41. Bf1 Bc5 42. Ke1 Nc4 43. Ke2 Ke5 44. Kd3 Nxa3 45. Nxa3 Bxa3 46.
Bh3 Bc5 47. Bc8 a5 48. Bd7 b4 49. Ba4 d4 50. e4 Bd6 51. Bd1 Be7 52. Bb3 Bg5 53.
h4 Be3 54. g4 h5 55. gxh5 gxh5 56. Bf7 a4 57. Bxh5 a3 58. Bf7 Bf2 59. h5 Be3
60. Bd5 Kd6 61. Bb3 Ke7 62. Bc4 Kf6 63. h6 Kg6 64. Bb3 Kxh6 65. Bc4 Kg5 66. Ba2
Kf4 67. Bb3 Kf3 68. e5 Bg5 69. Kxd4 Kf4 70. Kd3 Kxe5 71. Kc2 Kd4 72. Kb1 Kc3
73. Ka2 1/2-1/2

[Event "C.to Provinciale BG"]
[Site "Bergamo ITA"]
[Date "2001.10.09"]
[Round "3"]
[White "Signorelli, Roberto"]
[Black "Bassis, Ivano"]
[Result "1-0"]
[WhiteElo "1506"]
[BlackElo "1642"]
[PlyCount "37"]
[EventDate "2001.09.25"]

1. d4 Nf6 2. c4 c5 3. Nf3 cxd4 4. Nxd4 g6 5. Nc3 Bg7 6. e4 d6 7. Be2 O-O 8. O-O
Bd7 9. Bg5 Nc6 10. Nxc6 Bxc6 11. Qc2 Rc8 12. Rfd1 Qc7 13. Rac1 e6 14. Bf4 e5
15. Bg5 Ne8 16. Qb3 f5 17. Nd5 Bxd5 18. cxd5 Qd7 19. Bb5 1-0

[Event "C.to Provinciale BG"]
[Site "Bergamo ITA"]
[Date "2001.10.16"]
[Round "4"]
[White "Asperti, Fabio"]
[Black "Ranfagni, Stefano"]
[Result "1/2-1/2"]
[WhiteElo "1543"]
[BlackElo "1618"]
[PlyCount "105"]
[EventDate "2001.09.25"]

1. d4 e6 2. c4 f5 3. Nf3 Nf6 4. Nc3 Be7 5. e3 b6 6. Bd2 Bb7 7. Be2 O-O 8. O-O
d6 9. b4 Ne4 10. Nxe4 fxe4 11. Ne1 Bh4 12. f4 Nd7 13. g3 Bf6 14. g4 g5 15. Ng2
c5 16. fxg5 Bxg5 17. dxc5 bxc5 18. Rxf8+ Qxf8 19. Nf4 Qh6 20. Qa4 Nb6 21. Qb3
cxb4 22. Qxb4 Bxf4 23. exf4 e3 24. Bxe3 Qh3 25. Kf2 Qxh2+ 26. Ke1 Qh1+ 27. Bf1
Qe4 28. Kd2 Nd5 29. Qa3 Nxe3 30. Qxe3 Rf8 31. Qxe4 Bxe4 32. Ke3 Bc6 33. Bd3 Rb8
34. Rb1 Rxb1 35. Bxb1 Kg7 36. Be4 Ba4 37. Kd2 h6 38. Bf3 Kf6 39. Ke3 Bd7 40.
Kd4 e5+ 41. Ke3 exf4+ 42. Kxf4 Be6 43. Be2 a6 44. a3 a5 45. Bd3 Bd7 46. Be4 Ba4
47. Bd5 Bd1 48. Bg8 Be2 49. Bd5 Bd3 50. Bg8 Bg6 51. Bd5 Be8 52. Bg8 Bd7 53. Bd5
1/2-1/2